Nezaměstnanost občanů se ZPS

Voľné miesta pre občanov so skrátenou pracovnou schopnosťou (SPS). Regionálny rozmer nezamestnanosti občanov so SPS. Účinnosť opatrení pre občanov so SPS na trhu práce. Plnenie povinného podielu u zamestnávateľov. Zriaďovanie chránených dielní a chránených pracovísk. Výcvikové strediská pre občanov...

Descripción completa

Guardado en:
Detalles Bibliográficos
Autor principal: Lexová, O.
Otros Autores: Havlíčková, V.
Formato: Capítulo de libro
Lenguaje:checo
Materias:
Etiquetas: Agregar Etiqueta
Sin Etiquetas, Sea el primero en etiquetar este registro!

MARC

LEADER 00000naa a2200000 4500
001 r014136
005 20221205080429.3
041 0 |a cze 
044 |a CZ 
245 1 0 |a Nezaměstnanost občanů se ZPS  |c O. Lexová, V. Havlíčková 
520 |a Voľné miesta pre občanov so skrátenou pracovnou schopnosťou (SPS). Regionálny rozmer nezamestnanosti občanov so SPS. Účinnosť opatrení pre občanov so SPS na trhu práce. Plnenie povinného podielu u zamestnávateľov. Zriaďovanie chránených dielní a chránených pracovísk. Výcvikové strediská pre občanov so SPS. Zľavy na daniach u zamestnávateľov. Opatrenia navrhované pre zlepšenie situácie občanov so SPS. 
610 2 0 |a nezamestnanosť 
610 2 0 |a schopnosti pracovné zmenené 
610 2 0 |a Česko 
610 2 0 |a 1991-1993 
610 2 0 |a údaje štatistické 
610 2 0 |a zamestnávatelia 
100 1 |a Lexová, O. 
700 1 |a Havlíčková, V.